| 000 | 01140cam a22003137a 4500 | ||
|---|---|---|---|
| 003 | CHAP | ||
| 005 | 20220329142223.0 | ||
| 008 | 000225d1996 uk a r 00010 eng d | ||
| 010 | _a80105 | ||
| 011 | _a81077 | ||
| 035 | _a91537 | ||
| 040 | _cCHAP | ||
| 082 | 0 | 4 | _a636.08 S88 |
| 100 | 0 | 0 |
_aSteinfeld, Henning. _9109623 |
| 245 | 1 | 0 |
_aLivestock-environment interactions : _bissues and options _c/by Henning Steinfeld, Cees de Haan and Harvey Blackburn |
| 260 |
_aUnited Kingdom : _bCommission of the European Communities, _c[1996] |
||
| 300 |
_a56 p. : _bilus. ; gráfs. ; mapas |
||
| 590 |
_aBATCH-UPD _b10 _c20130110 _lUCH01 _h0440 |
||
| 590 |
_aCONVERSION _b10 _c20130109 _lUCH01 _h1344 |
||
| 650 | 1 | 4 |
_aGanado _xEfecto del medio ambiente. _944907 |
| 700 | 0 |
_aBlackburn, Harvey. _912997 |
|
| 700 | 0 |
_aHaan, Cees de. _952073 |
|
| 901 | _aBK | ||
| 905 | _aMarco A. Mendoza T. | ||
| 942 | _cLIBRO | ||
| 949 |
_a636.08 S88 _bBC _cLIBRO _d33724000763405 _eLIBRO _fc.2 _h96608 _i91537 _si |
||
| 949 |
_a636.08 S88 _bBC _cLIBRO _d33724000763413 _eLIBRO _h96607 _i91537 _si |
||
| 949 |
_a636.08 S88 _bBC _cLIBRO _d33724000763421 _eLIBRO _fc.3 _h96609 _i91537 _si |
||
| 999 |
_c80105 _d80105 |
||